Combien de ville de l'Indre et Loire (37) connais-tu ? - Statistiques

Statistiques générales
  • Ce quiz a été pris 29 fois
  • Le résultat moyen est 41 sur 272
Statistiques - réponses
Code postal Ville % Correct
Tours
91%
37400 Amboise
83%
37170 Chambray-lès-Tours
78%
37500 Chinon
78%
37305 Joué-lès-Tours
78%
37600 Loches
74%
Vou
74%
37541 Saint-Cyr-sur-Loire
70%
37700 Saint-Pierre-des-Corps
70%
37521 La Riche
61%
Vouvray
61%
37190 Azay-le-Rideau
57%
37270 Azay-sur-Cher
57%
37270 Montlouis-sur-Loire
57%
37260 Monts
57%
37110 Château-Renault
52%
37250 Montbazon
52%
37150 Bléré
48%
37230 Fondettes
48%
37551 Saint-Avertin
48%
37800 Sainte-Maure-de-Touraine
48%
37130 Langeais
43%
37390 Notre-Dame-d'Oé
43%
37140 Bourgueil
39%
37160 Descartes
39%
37700 La Ville-aux-Dames
39%
37380 Monnaie
39%
37190 Neuil
39%
Véretz
39%
37270 Athée-sur-Cher
35%
37510 Ballan-Miré
35%
37150 Chenonceaux
35%
37210 Parçay-Meslay
35%
37120 Richelieu
35%
37210 Rochecorbon
35%
Vernou-sur-Brenne
35%
Villandry
35%
37420 Avoine
30%
37230 Luynes
30%
37360 Neuillé-Pont-Pierre
30%
37600 Perrusson
30%
Sorigny
30%
37390 Chanceaux-sur-Choisille
26%
37530 Chargé
26%
37330 Château-la-Vallière
26%
37130 Cinq-Mars-la-Pile
26%
37320 Cormery
26%
37220 L'Île-Bouchard
26%
37390 Mettray
26%
37460 Montrésor
26%
37530 Pocé-sur-Cisse
26%
37510 Saint-Genouph
26%
37140 Saint-Nicolas-de-Bourgueil
26%
Truyes
26%
37340 Ambillou
22%
37320 Esvres
22%
37340 Hommes
22%
37390 La Membrolle-sur-Choisille
22%
37270 Larçay
22%
37350 Le Grand-Pressigny
22%
37530 Limeray
22%
37230 Pernay
22%
Savonnières
22%
Veigné
22%
Villedômer
22%
37110 Auzouer-en-Touraine
17%
37420 Beaumont-en-Véron
17%
37120 Champigny-sur-Veude
17%
37310 Cigogné
17%
37380 Crotelles
17%
37150 La Croix-en-Touraine
17%
37110 Le Boulay
17%
37350 Le Petit-Pressigny
17%
37240 Ligueil
17%
37460 Loché-sur-Indrois
17%
37530 Nazelles-Négron
17%
37380 Nouzilly
17%
37310 Reignac-sur-Indre
17%
37380 Reugny
17%
37320 Saint-Branchs
17%
Villeperdue
17%
37500 Anché
13%
37260 Artannes-sur-Indre
13%
37340 Avrillé-les-Ponceaux
13%
37310 Azay-sur-Indre
13%
37600 Beaulieu-lès-Loches
13%
37370 Beaumont-Louestault
13%
37140 Benais
13%
37240 Bossée
13%
37240 Bournan
13%
37600 Bridoré
13%
37500 Candes-Saint-Martin
13%
37210 Chançay
13%
37460 Chemillé-sur-Indrois
13%
37130 Coteaux-sur-Loire
13%
37310 Dolus-le-Sec
13%
37160 La Celle-Saint-Avant
13%
37140 La Chapelle-sur-Loire
13%
37110 La Ferrière
13%
37110 Les Hermites
13%
37320 Louans
13%
37120 Luzé
13%
37240 Manthelan
13%
37370 Neuvy-le-Roi
13%
37140 Restigné
13%
37190 Saché
13%
37600 Saint-Flovier
13%
37380 Saint-Laurent-en-Gâtines
13%
37270 Saint-Martin-le-Beau
13%
37310 Saint-Quentin-sur-Indrois
13%
37530 Saint-Règle
13%
Semblançay
13%
Tauxigny-Saint-Bauld
13%
Thilouze
13%
Verneuil-sur-Indre
13%
Yzeures-sur-Creuse
13%
37160 Abilly
9%
37800 Antogny-le-Tillac
9%
37120 Assay
9%
37110 Autrèche
9%
37460 Beaumont-Village
9%
37510 Berthenay
9%
37600 Betz-le-Château
9%
37120 Braye-sous-Faye
9%
37370 Bueil-en-Touraine
9%
37530 Cangey
9%
37460 Céré-la-Ronde
9%
37390 Cerelles
9%
37310 Chambourg-sur-Indre
9%
37310 Chédigny
9%
37150 Chisseaux
9%
37500 Cinais
9%
37240 Ciran
9%
37340 Cléré-les-Pins
9%
37500 Cravant-les-Côteaux
9%
37110 Dame-Marie-les-Bois
9%
37800 Draché
9%
37190 Druye
9%
37150 Francueil
9%
37340 Gizeux
9%
37240 La Chapelle-Blanche-Saint-Martin
9%
37240 Le Louroux
9%
37500 Ligré
9%
37400 Lussault-sur-Loire
9%
37150 Luzillé
9%
37500 Marçay
9%
37110 Monthodon
9%
37530 Montreuil-en-Touraine
9%
37210 Noizay
9%
37800 Noyant-de-Touraine
9%
37460 Orbigny
9%
37290 Preuilly-sur-Claise
9%
37500 Rivière
9%
37500 Saint-Benoît-la-Forêt
9%
37370 Saint-Christophe-sur-le-Nais
9%
37800 Sainte-Catherine-de-Fierbois
9%
37800 Saint-Épain
9%
37230 Saint-Étienne-de-Chigny
9%
37600 Saint-Jean-Saint-Germain
9%
37330 Saint-Laurent-de-Lin
9%
37370 Saint-Paterne-Racan
9%
37600 Saint-Senoch
9%
Sepmes
9%
Sonzay
9%
Sublaines
9%
37220 Avon-les-Roches
4%
37350 Barrou
4%
37290 Bossay-sur-Claise
4%
37290 Boussay
4%
37120 Braslou
4%
37330 Braye-sur-Maulne
4%
37330 Brèches
4%
37130 Bréhémont
4%
37220 Brizay
4%
37600 Chanceaux-près-Loches
4%
37330 Channay-sur-Lathan
4%
37390 Charentilly
4%
37290 Charnizay
4%
37190 Cheillé
4%
37370 Chemillé-sur-Dême
4%
37140 Chouzé-sur-Loire
4%
37150 Civray-de-Touraine
4%
37160 Civray-sur-Esves
4%
37330 Courcelles-de-Touraine
4%
37220 Crouzilles
4%
37240 Cussay
4%
37150 Dierre
4%
37240 Esves-le-Moutier
4%
37350 Ferrière-Larçon
4%
37600 Ferrière-sur-Beaulieu
4%
37460 Genillé
4%
37420 Huismes
4%
37130 La Chapelle-aux-Naux
4%
37500 La Roche-Clermault
4%
37460 Le Liège
4%
37120 Lémeré
4%
37130 Lignières-de-Touraine
4%
37800 Maillé
4%
37800 Marcilly-sur-Vienne
4%
37120 Marigny-Marmande
4%
37370 Marray
4%
37110 Morand
4%
37530 Mosnes
4%
37600 Mouzay
4%
37380 Neuillé-le-Lierre
4%
37160 Neuilly-le-Brignon
4%
37110 Neuville-sur-Brenne
4%
37460 Nouans-les-Fontaines
4%
37800 Nouâtre
4%
37220 Panzoult
4%
37350 Paulmy
4%
37800 Ports-sur-Vienne
4%
37800 Pouzay
4%
37800 Pussigny
4%
37340 Rillé
4%
37190 Rivarennes
4%
37360 Rouziers-de-Touraine
4%
37360 Saint-Antoine-du-Rocher
4%
37600 Saint-Hippolyte
4%
37110 Saint-Nicolas-des-Motets
4%
37530 Saint-Ouen-les-Vignes
4%
37390 Saint-Roch
4%
37110 Saunay
4%
37340 Savigné-sur-Lathan
4%
Savigny-en-Véron
4%
Sazilly
4%
Seuilly
4%
Souvigné
4%
Souvigny-de-Touraine
4%
Tournon-Saint-Pierre
4%
Trogues
4%
Villaines-les-Rochers
4%
Villebourg
4%
Villeloin-Coulangé
4%
37290 Chambon
0%
37350 Chaumussay
0%
37120 Chaveignes
0%
37220 Chezelles
0%
37340 Continvoir
0%
37330 Couesmes
0%
37310 Courçay
0%
37120 Courcoué
0%
37500 Couziers
0%
37220 Crissay-sur-Manse
0%
37150 Épeigné-les-Bois
0%
37370 Épeigné-sur-Dême
0%
37120 Faye-la-Vineuse
0%
37120 Jaulnay
0%
37350 La Celle-Guenand
0%
37350 La Guerche
0%
37120 La Tour-Saint-Gelin
0%
37500 Lerné
0%
37330 Lublé
0%
37160 Marcé-sur-Esves
0%
37330 Marcilly-sur-Maulne
0%
37130 Mazières-de-Touraine
0%
37220 Parçay-sur-Vienne
0%
37260 Pont-de-Ruan
0%
37120 Razines
0%
37420 Rigny-Ussé
0%
37220 Rilly-sur-Vienne
0%
37370 Saint-Aubin-le-Dépeint
0%
37500 Saint-Germain-sur-Vienne
0%
Sennevières
0%
Tavant
0%
Theneuil
0%
Thizay
0%
Vallères
0%
Varennes
0%
Verneuil-le-Château
0%
Villedômain
0%
Villiers-au-Bouin
0%
Aucun quiz correspondant
Distribution des résultats
% des personnes avec chaque résultat
Percentile par nombre de réponses
Votre historique - résultats
Vous n’avez pas pris ce quiz